<?xml version="1.0" encoding="UTF-8"?>
<record
    xmlns:xsi="http://www.w3.org/2001/XMLSchema-instance"
    xsi:schemaLocation="http://www.loc.gov/MARC21/slim http://www.loc.gov/standards/marcxml/schema/MARC21slim.xsd"
    xmlns="http://www.loc.gov/MARC21/slim">

  <leader>00489nam a2200181   4500</leader>
  <controlfield tag="003">SEACOMEC</controlfield>
  <controlfield tag="005">20251008162618.0</controlfield>
  <controlfield tag="008">251008b        |||||||| |||| 00| 0 eng d</controlfield>
  <datafield tag="020" ind1=" " ind2=" ">
    <subfield code="a">978-8177001013</subfield>
    <subfield code="c">400</subfield>
  </datafield>
  <datafield tag="040" ind1=" " ind2=" ">
    <subfield code="a">SEACOMEC</subfield>
  </datafield>
  <datafield tag="082" ind1=" " ind2=" ">
    <subfield code="a">621.815</subfield>
    <subfield code="b">S271</subfield>
  </datafield>
  <datafield tag="100" ind1=" " ind2=" ">
    <subfield code="a">Sawhney, A.K</subfield>
  </datafield>
  <datafield tag="245" ind1=" " ind2=" ">
    <subfield code="a">A course in electrical machine design</subfield>
    <subfield code="c">A.K. Sawhney &amp;  A. Chakrabarti</subfield>
  </datafield>
  <datafield tag="250" ind1=" " ind2=" ">
    <subfield code="a">6th rev.ed.</subfield>
  </datafield>
  <datafield tag="260" ind1=" " ind2=" ">
    <subfield code="a">New Delhi </subfield>
    <subfield code="b">Dhanpat Rai </subfield>
    <subfield code="c">c2007</subfield>
  </datafield>
  <datafield tag="700" ind1=" " ind2=" ">
    <subfield code="a">Chakraborty, A</subfield>
  </datafield>
  <datafield tag="942" ind1=" " ind2=" ">
    <subfield code="c">BBK</subfield>
  </datafield>
  <datafield tag="952" ind1=" " ind2=" ">
    <subfield code="0">0</subfield>
    <subfield code="1">0</subfield>
    <subfield code="2">ddc</subfield>
    <subfield code="4">0</subfield>
    <subfield code="7">0</subfield>
    <subfield code="a">SEACOMEC</subfield>
    <subfield code="b">SEACOMEC</subfield>
    <subfield code="d">2025-10-08</subfield>
    <subfield code="l">0</subfield>
    <subfield code="o">621.815 S271</subfield>
    <subfield code="p">BB5023</subfield>
    <subfield code="r">2025-10-08 16:26:50</subfield>
    <subfield code="w">2025-10-08</subfield>
    <subfield code="y">BBK</subfield>
  </datafield>
  <datafield tag="952" ind1=" " ind2=" ">
    <subfield code="0">0</subfield>
    <subfield code="1">0</subfield>
    <subfield code="2">ddc</subfield>
    <subfield code="4">0</subfield>
    <subfield code="7">0</subfield>
    <subfield code="a">SEACOMEC</subfield>
    <subfield code="b">SEACOMEC</subfield>
    <subfield code="d">2025-10-08</subfield>
    <subfield code="l">0</subfield>
    <subfield code="o">621.815 S271</subfield>
    <subfield code="p">BB5024</subfield>
    <subfield code="r">2025-10-08 16:26:50</subfield>
    <subfield code="w">2025-10-08</subfield>
    <subfield code="y">BBK</subfield>
  </datafield>
  <datafield tag="952" ind1=" " ind2=" ">
    <subfield code="0">0</subfield>
    <subfield code="1">0</subfield>
    <subfield code="2">ddc</subfield>
    <subfield code="4">0</subfield>
    <subfield code="7">0</subfield>
    <subfield code="a">SEACOMEC</subfield>
    <subfield code="b">SEACOMEC</subfield>
    <subfield code="d">2025-10-08</subfield>
    <subfield code="l">0</subfield>
    <subfield code="o">621.815 S271</subfield>
    <subfield code="p">BB5025</subfield>
    <subfield code="r">2025-10-08 16:26:50</subfield>
    <subfield code="w">2025-10-08</subfield>
    <subfield code="y">BBK</subfield>
  </datafield>
  <datafield tag="952" ind1=" " ind2=" ">
    <subfield code="0">0</subfield>
    <subfield code="1">0</subfield>
    <subfield code="2">ddc</subfield>
    <subfield code="4">0</subfield>
    <subfield code="7">0</subfield>
    <subfield code="a">SEACOMEC</subfield>
    <subfield code="b">SEACOMEC</subfield>
    <subfield code="d">2025-10-08</subfield>
    <subfield code="l">0</subfield>
    <subfield code="o">621.815 S271</subfield>
    <subfield code="p">BB5026</subfield>
    <subfield code="r">2025-10-08 16:26:50</subfield>
    <subfield code="w">2025-10-08</subfield>
    <subfield code="y">BBK</subfield>
  </datafield>
  <datafield tag="952" ind1=" " ind2=" ">
    <subfield code="0">0</subfield>
    <subfield code="1">0</subfield>
    <subfield code="2">ddc</subfield>
    <subfield code="4">0</subfield>
    <subfield code="7">0</subfield>
    <subfield code="a">SEACOMEC</subfield>
    <subfield code="b">SEACOMEC</subfield>
    <subfield code="d">2025-10-08</subfield>
    <subfield code="l">0</subfield>
    <subfield code="o">621.815 S271</subfield>
    <subfield code="p">BB5027</subfield>
    <subfield code="r">2025-10-08 16:26:50</subfield>
    <subfield code="w">2025-10-08</subfield>
    <subfield code="y">BBK</subfield>
  </datafield>
  <datafield tag="952" ind1=" " ind2=" ">
    <subfield code="0">0</subfield>
    <subfield code="1">0</subfield>
    <subfield code="2">ddc</subfield>
    <subfield code="4">0</subfield>
    <subfield code="7">0</subfield>
    <subfield code="a">SEACOMEC</subfield>
    <subfield code="b">SEACOMEC</subfield>
    <subfield code="d">2025-10-08</subfield>
    <subfield code="l">0</subfield>
    <subfield code="o">621.815 S271</subfield>
    <subfield code="p">BB5028</subfield>
    <subfield code="r">2025-10-08 16:26:50</subfield>
    <subfield code="w">2025-10-08</subfield>
    <subfield code="y">BBK</subfield>
  </datafield>
  <datafield tag="952" ind1=" " ind2=" ">
    <subfield code="0">0</subfield>
    <subfield code="1">0</subfield>
    <subfield code="2">ddc</subfield>
    <subfield code="4">0</subfield>
    <subfield code="7">0</subfield>
    <subfield code="a">SEACOMEC</subfield>
    <subfield code="b">SEACOMEC</subfield>
    <subfield code="d">2025-10-08</subfield>
    <subfield code="l">0</subfield>
    <subfield code="o">621.815 S271</subfield>
    <subfield code="p">BB5029</subfield>
    <subfield code="r">2025-10-08 16:26:50</subfield>
    <subfield code="w">2025-10-08</subfield>
    <subfield code="y">BBK</subfield>
  </datafield>
  <datafield tag="952" ind1=" " ind2=" ">
    <subfield code="0">0</subfield>
    <subfield code="1">0</subfield>
    <subfield code="2">ddc</subfield>
    <subfield code="4">0</subfield>
    <subfield code="7">0</subfield>
    <subfield code="a">SEACOMEC</subfield>
    <subfield code="b">SEACOMEC</subfield>
    <subfield code="d">2025-10-08</subfield>
    <subfield code="l">0</subfield>
    <subfield code="o">621.815 S271</subfield>
    <subfield code="p">BB5030</subfield>
    <subfield code="r">2025-10-08 16:26:50</subfield>
    <subfield code="w">2025-10-08</subfield>
    <subfield code="y">BBK</subfield>
  </datafield>
  <datafield tag="952" ind1=" " ind2=" ">
    <subfield code="0">0</subfield>
    <subfield code="1">0</subfield>
    <subfield code="2">ddc</subfield>
    <subfield code="4">0</subfield>
    <subfield code="7">0</subfield>
    <subfield code="a">SEACOMEC</subfield>
    <subfield code="b">SEACOMEC</subfield>
    <subfield code="d">2025-10-08</subfield>
    <subfield code="l">0</subfield>
    <subfield code="o">621.815 S271</subfield>
    <subfield code="p">BB5031</subfield>
    <subfield code="r">2025-10-08 16:26:50</subfield>
    <subfield code="w">2025-10-08</subfield>
    <subfield code="y">BBK</subfield>
  </datafield>
  <datafield tag="952" ind1=" " ind2=" ">
    <subfield code="0">0</subfield>
    <subfield code="1">0</subfield>
    <subfield code="2">ddc</subfield>
    <subfield code="4">0</subfield>
    <subfield code="7">0</subfield>
    <subfield code="a">SEACOMEC</subfield>
    <subfield code="b">SEACOMEC</subfield>
    <subfield code="d">2025-10-08</subfield>
    <subfield code="l">0</subfield>
    <subfield code="o">621.815 S271</subfield>
    <subfield code="p">BB5032</subfield>
    <subfield code="r">2025-10-08 16:26:50</subfield>
    <subfield code="w">2025-10-08</subfield>
    <subfield code="y">BBK</subfield>
  </datafield>
  <datafield tag="952" ind1=" " ind2=" ">
    <subfield code="0">0</subfield>
    <subfield code="1">0</subfield>
    <subfield code="2">ddc</subfield>
    <subfield code="4">0</subfield>
    <subfield code="7">0</subfield>
    <subfield code="a">SEACOMEC</subfield>
    <subfield code="b">SEACOMEC</subfield>
    <subfield code="d">2025-10-08</subfield>
    <subfield code="l">0</subfield>
    <subfield code="o">621.815 S271</subfield>
    <subfield code="p">BB5033</subfield>
    <subfield code="r">2025-10-08 16:26:50</subfield>
    <subfield code="w">2025-10-08</subfield>
    <subfield code="y">BBK</subfield>
  </datafield>
  <datafield tag="952" ind1=" " ind2=" ">
    <subfield code="0">0</subfield>
    <subfield code="1">0</subfield>
    <subfield code="2">ddc</subfield>
    <subfield code="4">0</subfield>
    <subfield code="7">0</subfield>
    <subfield code="a">SEACOMEC</subfield>
    <subfield code="b">SEACOMEC</subfield>
    <subfield code="d">2025-10-08</subfield>
    <subfield code="l">0</subfield>
    <subfield code="o">621.815 S271</subfield>
    <subfield code="p">BB5034</subfield>
    <subfield code="r">2025-10-08 16:26:50</subfield>
    <subfield code="w">2025-10-08</subfield>
    <subfield code="y">BBK</subfield>
  </datafield>
  <datafield tag="952" ind1=" " ind2=" ">
    <subfield code="0">0</subfield>
    <subfield code="1">0</subfield>
    <subfield code="2">ddc</subfield>
    <subfield code="4">0</subfield>
    <subfield code="7">0</subfield>
    <subfield code="a">SEACOMEC</subfield>
    <subfield code="b">SEACOMEC</subfield>
    <subfield code="d">2025-10-08</subfield>
    <subfield code="l">0</subfield>
    <subfield code="o">621.815 S271</subfield>
    <subfield code="p">BB5035</subfield>
    <subfield code="r">2025-10-08 16:26:50</subfield>
    <subfield code="w">2025-10-08</subfield>
    <subfield code="y">BBK</subfield>
  </datafield>
  <datafield tag="952" ind1=" " ind2=" ">
    <subfield code="0">0</subfield>
    <subfield code="1">0</subfield>
    <subfield code="2">ddc</subfield>
    <subfield code="4">0</subfield>
    <subfield code="7">0</subfield>
    <subfield code="a">SEACOMEC</subfield>
    <subfield code="b">SEACOMEC</subfield>
    <subfield code="d">2025-10-08</subfield>
    <subfield code="l">0</subfield>
    <subfield code="o">621.815 S271</subfield>
    <subfield code="p">BB5036</subfield>
    <subfield code="r">2025-10-08 16:26:50</subfield>
    <subfield code="w">2025-10-08</subfield>
    <subfield code="y">BBK</subfield>
  </datafield>
  <datafield tag="952" ind1=" " ind2=" ">
    <subfield code="0">0</subfield>
    <subfield code="1">0</subfield>
    <subfield code="2">ddc</subfield>
    <subfield code="4">0</subfield>
    <subfield code="7">0</subfield>
    <subfield code="a">SEACOMEC</subfield>
    <subfield code="b">SEACOMEC</subfield>
    <subfield code="d">2025-10-08</subfield>
    <subfield code="l">0</subfield>
    <subfield code="o">621.815 S271</subfield>
    <subfield code="p">BB5037</subfield>
    <subfield code="r">2025-10-08 16:26:50</subfield>
    <subfield code="w">2025-10-08</subfield>
    <subfield code="y">BBK</subfield>
  </datafield>
  <datafield tag="952" ind1=" " ind2=" ">
    <subfield code="0">0</subfield>
    <subfield code="1">0</subfield>
    <subfield code="2">ddc</subfield>
    <subfield code="4">0</subfield>
    <subfield code="7">0</subfield>
    <subfield code="a">SEACOMEC</subfield>
    <subfield code="b">SEACOMEC</subfield>
    <subfield code="d">2025-10-08</subfield>
    <subfield code="l">0</subfield>
    <subfield code="o">621.815 S271</subfield>
    <subfield code="p">BB5038</subfield>
    <subfield code="r">2025-10-08 16:26:50</subfield>
    <subfield code="w">2025-10-08</subfield>
    <subfield code="y">BBK</subfield>
  </datafield>
  <datafield tag="952" ind1=" " ind2=" ">
    <subfield code="0">0</subfield>
    <subfield code="1">0</subfield>
    <subfield code="2">ddc</subfield>
    <subfield code="4">0</subfield>
    <subfield code="7">0</subfield>
    <subfield code="a">SEACOMEC</subfield>
    <subfield code="b">SEACOMEC</subfield>
    <subfield code="d">2025-10-08</subfield>
    <subfield code="l">0</subfield>
    <subfield code="o">621.815 S271</subfield>
    <subfield code="p">BB5039</subfield>
    <subfield code="r">2025-10-08 16:26:50</subfield>
    <subfield code="w">2025-10-08</subfield>
    <subfield code="y">BBK</subfield>
  </datafield>
  <datafield tag="952" ind1=" " ind2=" ">
    <subfield code="0">0</subfield>
    <subfield code="1">0</subfield>
    <subfield code="2">ddc</subfield>
    <subfield code="4">0</subfield>
    <subfield code="7">0</subfield>
    <subfield code="a">SEACOMEC</subfield>
    <subfield code="b">SEACOMEC</subfield>
    <subfield code="d">2025-10-08</subfield>
    <subfield code="l">0</subfield>
    <subfield code="o">621.815 S271</subfield>
    <subfield code="p">BB5040</subfield>
    <subfield code="r">2025-10-08 16:26:50</subfield>
    <subfield code="w">2025-10-08</subfield>
    <subfield code="y">BBK</subfield>
  </datafield>
  <datafield tag="952" ind1=" " ind2=" ">
    <subfield code="0">0</subfield>
    <subfield code="1">0</subfield>
    <subfield code="2">ddc</subfield>
    <subfield code="4">0</subfield>
    <subfield code="7">0</subfield>
    <subfield code="a">SEACOMEC</subfield>
    <subfield code="b">SEACOMEC</subfield>
    <subfield code="d">2025-10-08</subfield>
    <subfield code="l">0</subfield>
    <subfield code="o">621.815 S271</subfield>
    <subfield code="p">BB5041</subfield>
    <subfield code="r">2025-10-08 16:26:50</subfield>
    <subfield code="w">2025-10-08</subfield>
    <subfield code="y">BBK</subfield>
  </datafield>
  <datafield tag="952" ind1=" " ind2=" ">
    <subfield code="0">0</subfield>
    <subfield code="1">0</subfield>
    <subfield code="2">ddc</subfield>
    <subfield code="4">0</subfield>
    <subfield code="7">0</subfield>
    <subfield code="a">SEACOMEC</subfield>
    <subfield code="b">SEACOMEC</subfield>
    <subfield code="d">2025-10-08</subfield>
    <subfield code="l">0</subfield>
    <subfield code="o">621.815 S271</subfield>
    <subfield code="p">BB5042</subfield>
    <subfield code="r">2025-10-08 16:26:50</subfield>
    <subfield code="w">2025-10-08</subfield>
    <subfield code="y">BBK</subfield>
  </datafield>
  <datafield tag="952" ind1=" " ind2=" ">
    <subfield code="0">0</subfield>
    <subfield code="1">0</subfield>
    <subfield code="2">ddc</subfield>
    <subfield code="4">0</subfield>
    <subfield code="7">0</subfield>
    <subfield code="a">SEACOMEC</subfield>
    <subfield code="b">SEACOMEC</subfield>
    <subfield code="d">2025-10-08</subfield>
    <subfield code="l">0</subfield>
    <subfield code="o">621.815 S271</subfield>
    <subfield code="p">BB5043</subfield>
    <subfield code="r">2025-10-08 16:26:50</subfield>
    <subfield code="w">2025-10-08</subfield>
    <subfield code="y">BBK</subfield>
  </datafield>
  <datafield tag="952" ind1=" " ind2=" ">
    <subfield code="0">0</subfield>
    <subfield code="1">0</subfield>
    <subfield code="2">ddc</subfield>
    <subfield code="4">0</subfield>
    <subfield code="7">0</subfield>
    <subfield code="a">SEACOMEC</subfield>
    <subfield code="b">SEACOMEC</subfield>
    <subfield code="d">2025-10-08</subfield>
    <subfield code="l">0</subfield>
    <subfield code="o">621.815 S271</subfield>
    <subfield code="p">BB5044</subfield>
    <subfield code="r">2025-10-08 16:26:50</subfield>
    <subfield code="w">2025-10-08</subfield>
    <subfield code="y">BBK</subfield>
  </datafield>
  <datafield tag="952" ind1=" " ind2=" ">
    <subfield code="0">0</subfield>
    <subfield code="1">0</subfield>
    <subfield code="2">ddc</subfield>
    <subfield code="4">0</subfield>
    <subfield code="7">0</subfield>
    <subfield code="a">SEACOMEC</subfield>
    <subfield code="b">SEACOMEC</subfield>
    <subfield code="d">2025-10-08</subfield>
    <subfield code="l">0</subfield>
    <subfield code="o">621.815 S271</subfield>
    <subfield code="p">BB5045</subfield>
    <subfield code="r">2025-10-08 16:26:50</subfield>
    <subfield code="w">2025-10-08</subfield>
    <subfield code="y">BBK</subfield>
  </datafield>
  <datafield tag="952" ind1=" " ind2=" ">
    <subfield code="0">0</subfield>
    <subfield code="1">0</subfield>
    <subfield code="2">ddc</subfield>
    <subfield code="4">0</subfield>
    <subfield code="7">0</subfield>
    <subfield code="a">SEACOMEC</subfield>
    <subfield code="b">SEACOMEC</subfield>
    <subfield code="d">2025-10-08</subfield>
    <subfield code="l">0</subfield>
    <subfield code="o">621.815 S271</subfield>
    <subfield code="p">BB5046</subfield>
    <subfield code="r">2025-10-08 16:26:50</subfield>
    <subfield code="w">2025-10-08</subfield>
    <subfield code="y">BBK</subfield>
  </datafield>
  <datafield tag="952" ind1=" " ind2=" ">
    <subfield code="0">0</subfield>
    <subfield code="1">0</subfield>
    <subfield code="2">ddc</subfield>
    <subfield code="4">0</subfield>
    <subfield code="7">0</subfield>
    <subfield code="a">SEACOMEC</subfield>
    <subfield code="b">SEACOMEC</subfield>
    <subfield code="d">2025-10-08</subfield>
    <subfield code="l">0</subfield>
    <subfield code="o">621.815 S271</subfield>
    <subfield code="p">BB5047</subfield>
    <subfield code="r">2025-10-08 16:26:50</subfield>
    <subfield code="w">2025-10-08</subfield>
    <subfield code="y">BBK</subfield>
  </datafield>
  <datafield tag="952" ind1=" " ind2=" ">
    <subfield code="0">0</subfield>
    <subfield code="1">0</subfield>
    <subfield code="2">ddc</subfield>
    <subfield code="4">0</subfield>
    <subfield code="7">0</subfield>
    <subfield code="a">SEACOMEC</subfield>
    <subfield code="b">SEACOMEC</subfield>
    <subfield code="d">2025-10-08</subfield>
    <subfield code="l">0</subfield>
    <subfield code="o">621.815 S271</subfield>
    <subfield code="p">BB5048</subfield>
    <subfield code="r">2025-10-08 16:26:50</subfield>
    <subfield code="w">2025-10-08</subfield>
    <subfield code="y">BBK</subfield>
  </datafield>
  <datafield tag="952" ind1=" " ind2=" ">
    <subfield code="0">0</subfield>
    <subfield code="1">0</subfield>
    <subfield code="2">ddc</subfield>
    <subfield code="4">0</subfield>
    <subfield code="7">0</subfield>
    <subfield code="a">SEACOMEC</subfield>
    <subfield code="b">SEACOMEC</subfield>
    <subfield code="d">2025-10-08</subfield>
    <subfield code="l">0</subfield>
    <subfield code="o">621.815 S271</subfield>
    <subfield code="p">BB5049</subfield>
    <subfield code="r">2025-10-08 16:26:50</subfield>
    <subfield code="w">2025-10-08</subfield>
    <subfield code="y">BBK</subfield>
  </datafield>
  <datafield tag="952" ind1=" " ind2=" ">
    <subfield code="0">0</subfield>
    <subfield code="1">0</subfield>
    <subfield code="2">ddc</subfield>
    <subfield code="4">0</subfield>
    <subfield code="7">0</subfield>
    <subfield code="a">SEACOMEC</subfield>
    <subfield code="b">SEACOMEC</subfield>
    <subfield code="d">2025-10-08</subfield>
    <subfield code="l">0</subfield>
    <subfield code="o">621.815 S271</subfield>
    <subfield code="p">BB5050</subfield>
    <subfield code="r">2025-10-08 16:26:50</subfield>
    <subfield code="w">2025-10-08</subfield>
    <subfield code="y">BBK</subfield>
  </datafield>
  <datafield tag="952" ind1=" " ind2=" ">
    <subfield code="0">0</subfield>
    <subfield code="1">0</subfield>
    <subfield code="2">ddc</subfield>
    <subfield code="4">0</subfield>
    <subfield code="7">0</subfield>
    <subfield code="a">SEACOMEC</subfield>
    <subfield code="b">SEACOMEC</subfield>
    <subfield code="d">2025-10-08</subfield>
    <subfield code="l">0</subfield>
    <subfield code="o">621.815 S271</subfield>
    <subfield code="p">BB5051</subfield>
    <subfield code="r">2025-10-08 16:26:50</subfield>
    <subfield code="w">2025-10-08</subfield>
    <subfield code="y">BBK</subfield>
  </datafield>
  <datafield tag="952" ind1=" " ind2=" ">
    <subfield code="0">0</subfield>
    <subfield code="1">0</subfield>
    <subfield code="2">ddc</subfield>
    <subfield code="4">0</subfield>
    <subfield code="7">0</subfield>
    <subfield code="a">SEACOMEC</subfield>
    <subfield code="b">SEACOMEC</subfield>
    <subfield code="d">2025-10-08</subfield>
    <subfield code="l">0</subfield>
    <subfield code="o">621.815 S271</subfield>
    <subfield code="p">BB5052</subfield>
    <subfield code="r">2025-10-08 16:26:50</subfield>
    <subfield code="w">2025-10-08</subfield>
    <subfield code="y">BBK</subfield>
  </datafield>
  <datafield tag="952" ind1=" " ind2=" ">
    <subfield code="0">0</subfield>
    <subfield code="1">0</subfield>
    <subfield code="2">ddc</subfield>
    <subfield code="4">0</subfield>
    <subfield code="7">0</subfield>
    <subfield code="a">SEACOMEC</subfield>
    <subfield code="b">SEACOMEC</subfield>
    <subfield code="d">2025-10-08</subfield>
    <subfield code="l">0</subfield>
    <subfield code="o">621.815 S271</subfield>
    <subfield code="p">BB5053</subfield>
    <subfield code="r">2025-10-08 16:26:50</subfield>
    <subfield code="w">2025-10-08</subfield>
    <subfield code="y">BBK</subfield>
  </datafield>
  <datafield tag="952" ind1=" " ind2=" ">
    <subfield code="0">0</subfield>
    <subfield code="1">0</subfield>
    <subfield code="2">ddc</subfield>
    <subfield code="4">0</subfield>
    <subfield code="7">0</subfield>
    <subfield code="a">SEACOMEC</subfield>
    <subfield code="b">SEACOMEC</subfield>
    <subfield code="d">2025-10-08</subfield>
    <subfield code="l">0</subfield>
    <subfield code="o">621.815 S271</subfield>
    <subfield code="p">BB5054</subfield>
    <subfield code="r">2025-10-08 16:26:50</subfield>
    <subfield code="w">2025-10-08</subfield>
    <subfield code="y">BBK</subfield>
  </datafield>
  <datafield tag="952" ind1=" " ind2=" ">
    <subfield code="0">0</subfield>
    <subfield code="1">0</subfield>
    <subfield code="2">ddc</subfield>
    <subfield code="4">0</subfield>
    <subfield code="7">0</subfield>
    <subfield code="a">SEACOMEC</subfield>
    <subfield code="b">SEACOMEC</subfield>
    <subfield code="d">2025-10-08</subfield>
    <subfield code="l">0</subfield>
    <subfield code="o">621.815 S271</subfield>
    <subfield code="p">BB5055</subfield>
    <subfield code="r">2025-10-08 16:26:50</subfield>
    <subfield code="w">2025-10-08</subfield>
    <subfield code="y">BBK</subfield>
  </datafield>
  <datafield tag="952" ind1=" " ind2=" ">
    <subfield code="0">0</subfield>
    <subfield code="1">0</subfield>
    <subfield code="2">ddc</subfield>
    <subfield code="4">0</subfield>
    <subfield code="7">0</subfield>
    <subfield code="a">SEACOMEC</subfield>
    <subfield code="b">SEACOMEC</subfield>
    <subfield code="d">2025-10-08</subfield>
    <subfield code="l">0</subfield>
    <subfield code="o">621.815 S271</subfield>
    <subfield code="p">BB5056</subfield>
    <subfield code="r">2025-10-08 16:26:50</subfield>
    <subfield code="w">2025-10-08</subfield>
    <subfield code="y">BBK</subfield>
  </datafield>
  <datafield tag="952" ind1=" " ind2=" ">
    <subfield code="0">0</subfield>
    <subfield code="1">0</subfield>
    <subfield code="2">ddc</subfield>
    <subfield code="4">0</subfield>
    <subfield code="7">0</subfield>
    <subfield code="a">SEACOMEC</subfield>
    <subfield code="b">SEACOMEC</subfield>
    <subfield code="d">2025-10-08</subfield>
    <subfield code="l">0</subfield>
    <subfield code="o">621.815 S271</subfield>
    <subfield code="p">BB5057</subfield>
    <subfield code="r">2025-10-08 16:26:50</subfield>
    <subfield code="w">2025-10-08</subfield>
    <subfield code="y">BBK</subfield>
  </datafield>
  <datafield tag="999" ind1=" " ind2=" ">
    <subfield code="c">2567</subfield>
    <subfield code="d">2567</subfield>
  </datafield>
</record>
